Revolutionary activities of Comrade Kim Il Sung : (Record no. 196)
[ view plain ]
| 000 -LEADER | |
|---|---|
| fixed length control field | 00706cam a2200217 4500 |
| 001 - CONTROL NUMBER | |
| control field | 0000000226 |
| 005 - DATE AND TIME OF LATEST TRANSACTION | |
| control field | 20170406112453.0 |
| 008 - FIXED-LENGTH DATA ELEMENTS--GENERAL INFORMATION | |
| fixed length control field | 720815s1970 kn abc 000 0beng |
| 010 ## - LIBRARY OF CONGRESS CONTROL NUMBER | |
| LC control number | 72180748 |
| 035 ## - SYSTEM CONTROL NUMBER | |
| System control number | 302168 |
| 035 ## - SYSTEM CONTROL NUMBER | |
| -- | (DLC) 72180748 |
| 040 ## - CATALOGING SOURCE | |
| Original cataloging agency | DLC |
| Transcribing agency | DLC |
| Modifying agency | DLC |
| 050 00 - LIBRARY OF CONGRESS CALL NUMBER | |
| Classification number | DS934.K5 |
| Item number | R48 |
| 082 00 - DEWEY DECIMAL CLASSIFICATION NUMBER | |
| Classification number | 951.9/03/0924 |
| -- | B |
| 245 00 - TITLE STATEMENT | |
| Title | Revolutionary activities of Comrade Kim Il Sung : |
| Remainder of title | album. |
| 260 ## - PUBLICATION, DISTRIBUTION, ETC. | |
| Place of publication, distribution, etc. | Pyongyang : |
| Name of publisher, distributor, etc. | Foreign Languages Pub. House, |
| Date of publication, distribution, etc. | 1970. |
| 300 ## - PHYSICAL DESCRIPTION | |
| Extent | 1 v. (unpaged) : |
| Other physical details | illus. (part col.), col. maps, ports. (part col.) ; |
| Dimensions | 30 cm. |
| 600 10 - SUBJECT ADDED ENTRY--PERSONAL NAME | |
| Personal name | Kim, Il-song, |
| Dates associated with a name | 1912-1994. |
| 906 ## - LOCAL DATA ELEMENT F, LDF (RLIN) | |
| a | 7 |
| b | cbc |
| c | orignew |
| d | 4 |
| e | ncip |
| f | 19 |
| g | y-gencatlg |
| 908 ## - PUT COMMAND PARAMETER (RLIN) | |
| Put command parameter | 130925 |
| Withdrawn status | Lost status | Source of classification or shelving scheme | Damaged status | Not for loan | Home library | Current library | Shelving location | Date acquired | Total Checkouts | Full call number | Barcode | Date last seen | Price effective from | Koha item type |
|---|---|---|---|---|---|---|---|---|---|---|---|---|---|---|
| CUZ Harare Campus | CUZ Harare Campus | Open Shelf | 06.04.2017 | DS 934.K5 KIM | BK0000273 | 22.05.2025 | 06.04.2017 | OS Book |